Statistics for NHL Defencemen by Picture

Click here to take the quiz!

General Stats

  • This quiz has been taken 45 times
    (40 since last reset)
  • The average score is 12 of 16

Answer Stats

Answer% Correct
P.K. Subban
97%
Bobby Orr
95%
Drew Doughty
92%
Roman Josi
92%
Erik Karlsson
89%
Brent Burns
86%
Victor Hedman
86%
Zdeno Chara
84%
Duncan Keith
81%
Nicklas Lidstrom
78%
Raymond Bourque
70%
Tim Horton
59%
Mark Giordano
57%
Al Macinnis
54%
Rob Blake
54%
Seth Jones
46%

Score Distribution

Percentile by Number Answered

Percent of People with Each Score

Your Score History

You have not taken this quiz since the last reset